000 01651nam a2200493 i 4500
001 52624
003 KOSZ 005
005 20221006124331.0
008 121011s2006 pl |000 0 pol
015 _aUWD 2012/32070
020 _a8386897368
020 _a9788386897360
035 _a991012119189705066
035 _a(PL-WaBN)b27781811-48omnis_nlop
035 _ab27781811
035 _a(OCoLC)749885069
035 _azz2006938057
035 _a(PL)b0000002778181
035 _a(EXLNZ-48OMNIS_NETWORK)9910077271005606
040 _aWA N
_cWA N
_dWA N
_dKOSZ 005/HR
046 _k2006
080 _a347.731(438)
080 _a347.732(438)
100 1 _aKurzajewski, Maciej
_eAutor
245 1 0 _aKlient domu maklerskiego :
_bprawa i obowiązki /
_cMaciej Kurzajewski, Artur Zapała ; Komisja Papierów Wartościowych i Giełd.
250 _aStan prawny na dzień 31 marca 2006 roku.
260 _aWarszawa :
_bKomisja Papierów Wartościowych i Giełd,
_c2006.
300 _a126 s. ;
_c21 cm.
336 _aTekst
_btxt
_2rdacontent
337 _aBez urządzenia pośredniczącego
_bn
_2rdamedia
338 _aWolumin
_bnc
_2rdacarrier
380 _aKsiążki
388 _a2001-
650 7 _aMaklerstwo
_2DBN
650 7 _aHandel
_2DBN
650 7 _aPapiery wartościowe
_2DBN
650 7 _aPrawo
_2DBN
651 7 _aPolska
_2DBN
658 _aPrawo i wymiar sprawiedliwości
700 1 _aZapała, Artur
_eAutor
856 _uhttp://koha.tu.koszalin.pl/cgi-bin/koha/opac-detail.pl?biblionumber=52624
_yKatalog online BPK
942 _2UKD
_cKS
999 _c52624
_d52624